| 000 | 01074nam0a22003131 4500 | ||
|---|---|---|---|
| 001 | rc\4663673 | ||
| 005 | 20250612144854.0 | ||
| 021 |
_aRU _b[65-36927] |
||
| 035 | _a(NLR Aleph) 008698301 | ||
| 090 |
_a9282584 _c9282584 |
||
| 100 | _a20130416d1965 |||y0rusy50 ca | ||
| 101 | 1 |
_arus _cger |
|
| 102 | _aRU | ||
| 105 | _aa z ||||| | ||
| 200 | 1 |
_aАнтикоагулянты _fПер. с нем. В.Я. Шаца _gПод ред. и с предисл. д-ра мед. наук И.Ф. Греха |
|
| 210 |
_aЛенинград _cМедицина. Ленингр. отд-ние _d1965 |
||
| 215 |
_a416 с. _cчерт. _d22 |
||
| 300 | _aДоп. тит. л.: Antikoagulantien. Von Eberhard Perlick | ||
| 320 | _aБиблиогр.: с. 363-408 | ||
| 513 | 0 | _aAntikoagulantien | |
| 606 |
_aАнтикоагулянты _2psbo |
||
| 700 | 1 |
_aПерлик _bЭ. _gЭберхард |
|
| 702 | 1 |
_aШац _bВ.Я. _4730 |
|
| 702 | 1 |
_aГрех _bИ.Ф. _4340 _4080 |
|
| 801 | 0 |
_aRU _bNLR _gpsbo |
|
| 801 | 1 |
_aRU _bELAR _2rusmarc |
|
| 852 |
_aNLR _j65-5/2431 |
||
| 942 | _cBOOK | ||
| 980 | _aNB | ||